000 01031nam a2200265Ia 4500
003 OSt
005 20220923211202.0
006 a|||||r|||| 00| 0
007 ta
008 220922b |||||||| |||| 00| 0 hin d
020 _a818880813X (hbk)
_c400
024 _a353,979
037 _b159, 22/12/2021, Mallika Books
_cTextual
040 _aARTS
_cARTS
_bhin
041 _2hin
_ahin
082 _aR6, 152P5
100 _aगुप्ता, सरोज, ले.
_9159267
245 0 _aभारतीय दर्शन
_b शब्द - शक्तिग्रह जाति - व्यक्ति और अपोह
246 _aBhāratīya darshana: shabda - shaktigrah jāti - vyakti aur apoha
260 _aदिल्ली
_b शिवालिक प्रकाशन
_c2005
300 _a212पृ.
_ccm.
650 _aभारतीय दर्शन
942 _hR6, 152P5
_cTEXL
_2CC
999 _c296477
_d296477